000
00339 a2200157 4500
001
71879
020
_a
8516039269
040
_c
Anchieta - Colégio São Paulo
100
_a
Paes, José Paulo
240
1
0
_a
É isso ali
_l
por
245
1
0
_a
É isso ali
300
_a
[36]
362
0
_a
2008
650
4
_a
Literatura infantil
942
_c
BK
999
_c
71879
_d
71879